000 00770cab a2200253 4500
001 ABS56983
008 090401t1997 xxu||||| |||| 00| 0 eng d
035 _a(Sirsi) u98368
041 _aeng
100 _aStranks, J.
245 _aNew powers on noise nuisance
260 _c1997
350 _a0
490 _aEnvironmental Policy and Practice
_v6(4) 1997, 187-188(2)
520 _aExamines the new powers local authorities have under the Noise Act 1996, in order to deal with noise nuisance from dwellings.
650 _aENFORCEMENT PROCEDURES
650 _aLOCAL AUTHORITIES
650 _aNOISE ACT 1996
650 _aNOISE NUISANCE
650 _aNOISE POLLUTION
690 _aENVIRONMENTAL AND LAND CONSULTANCY
942 _n0
948 _c21/05/1997
999 _c59769
_d59769